| 000 | 01114nam a2200289Ia 4500 | ||
|---|---|---|---|
| 008 | 130821s sp a gr spa | ||
| 020 | _a84 8019 334 4 | ||
| 040 |
_aCo-BoUCM _bspa |
||
| 041 | 0 | 0 | _aspa |
| 060 | 0 | 0 | _aQT 255 |
| 100 | 1 |
_aDelgado Fernández, M. _9170061 |
|
| 245 | 1 | 0 |
_aEntrenamiento físico-deportivo y alimentación de la infancia a la edad adulta _cM. Delgado Fernández, A. Gutiérrez Saínz , M.J. Castillo Garzón |
| 260 |
_aBarcelona (España) _bEditorial Paidotribo _c[fecha desconocida] |
||
| 300 |
_a268 páginas _bilustraciones, gráficas |
||
| 490 | 0 | _aColección Nutrición y Salud | |
| 500 | _aDonación UCM-C-ARRAYANES. | ||
| 504 | _aIncluye referencias bibliográficas e índice. | ||
| 650 |
_aEducación física _913825 |
||
| 650 |
_aEstado físico _915022 |
||
| 650 |
_aMedicina deportiva _919146 |
||
| 650 |
_aNutrición de atletas _920617 |
||
| 650 |
_aNutrición _920616 |
||
| 700 | 1 |
_aCastillo Garzón, M.J. _9170062 |
|
| 700 | 1 |
_aGutiérrez Fernández, A. _9170063 |
|
| 710 | 1 |
_aUniversidad de Granada _978211 |
|
| 942 |
_cLIBRO _a26 _e1 _mD352e _2NLM _hQT 225 _n0 |
||
| 999 |
_c78661 _d78661 |
||